[Event "Masdenverge op 5th"]
[Site "Masdenverge"]
[Date "2016.06.26"]
[Round "6"]
[White "Panella Navarro, Sergi"]
[Black "Aledo Lopez, Angel"]
[Result "1-0"]
[WhiteElo "2194"]
[BlackElo "2049"]
[PlyCount "83"]
[EventDate "2016.06.24"]
[EventType "swiss"]
[EventRounds "7"]
[EventCountry "ESP"]
[SourceTitle "EXT 2017"]
[Source "ChessBase"]
[SourceDate "2016.10.25"]
[SourceVersion "1"]
[SourceVersionDate "2016.10.25"]
[SourceQuality "1"]

1. e4 b6 2. d4 Bb7 3. Bd3 e6 4. Nf3 c5 5. c3 Nf6 6. Qe2 Be7 7. 0-0 Nc6 8. Nbd2 cxd4 9. cxd4 Nb4 10. Bb5 a6 11. Ba4 a5 12. a3 Ba6 13. Bb5 Bxb5 14. Qxb5 Nc6 15. d5 Na7 16. Qb3 0-0 17. d6 Bxd6 18. e5 Bc5 19. exf6 Qxf6 20. Ne4 Qg6 21. Nxc5 bxc5 22. Be3 Qh5 23. Qb6 c4 24. Qc7 Nc6 25. Qxd7 Ne5 26. Nxe5 Qxe5 27. Qd4 Qb5 28. Rfd1 Rab8 29. Rac1 Rfc8 30. Bf4 Ra8 31. Rc2 h6 32. Rdc1 f6 33. Rxc4 Rxc4 34. Qxc4 Qxb2 35. Qxe6+ Kh8 36. Qe7 Qd4 37. Be3 Qa4 38. h3 Re8 39. Qf7 Rg8 40. Rc7 Kh7 41. Qxf6 Qxa3 42. Qxh6# 1-0

[Event "Mar Menor op 7th"]
[Site "San Pedro del Pinatar"]
[Date "2016.01.23"]
[Round "3"]
[White "Aledo Lopez, Angel"]
[Black "Mendez Martinez, Jose Manuel"]
[Result "1-0"]
[WhiteElo "1998"]
[BlackElo "1900"]
[PlyCount "91"]
[EventDate "2016.01.22"]
[EventType "swiss"]
[EventRounds "7"]
[EventCountry "ESP"]
[SourceTitle "EXT 2019"]
[Source "ChessBase"]
[SourceDate "2018.10.10"]
[SourceVersion "1"]
[SourceVersionDate "2018.10.10"]
[SourceQuality "1"]

1. e4 d6 2. Nf3 Bg4 3. Bc4 e6 4. h3 Bh5 5. d4 d5 6. exd5 exd5 7. Bd3 Be7 8. Bf4 Nf6 9. c3 0-0 10. Nbd2 c6 11. Qc2 Nbd7 12. Ne5 c5 13. g4 Bg6 14. Bxg6 fxg6 15. Nxd7 Nxd7 16. Be3 cxd4 17. cxd4 Bg5 18. Nf1 Nb6 19. b3 Re8 20. Qd2 Rc8 21. Rc1 Rxc1+ 22. Qxc1 Qe7 23. Ke2 Rc8 24. Qd2 Qe8 25. h4 Qb5+ 26. Qd3 Qxd3+ 27. Kxd3 Be7 28. h5 gxh5 29. gxh5 Ba3 30. Ng3 Nd7 31. Nf5 Kf7 32. Bd2 Bf8 33. h6 g6 34. Ne3 Nf6 35. f3 Bd6 36. Nd1 Rd8 37. Nc3 a6 38. Bg5 Bb4 39. Bxf6 Bxc3 40. Be5 Bb4 41. Rc1 Rf8 42. Bf4 Kf6 43. Rc7 Rf7 44. Rc8 Ke6 45. Ke3 Rd7 46. Rg8 1-0

[Event "Mar Menor op 7th"]
[Site "San Pedro del Pinatar"]
[Date "2016.01.23"]
[Round "4"]
[White "Sanchez Fernandez, Jose Joaquin"]
[Black "Aledo Lopez, Angel"]
[Result "0-1"]
[WhiteElo "1931"]
[BlackElo "1998"]
[PlyCount "122"]
[EventDate "2016.01.22"]
[EventType "swiss"]
[EventRounds "7"]
[EventCountry "ESP"]
[SourceTitle "EXT 2019"]
[Source "ChessBase"]
[SourceDate "2018.10.10"]
[SourceVersion "1"]
[SourceVersionDate "2018.10.10"]
[SourceQuality "1"]

1. d4 Nf6 2. Nf3 d5 3. Bf4 Bf5 4. Nbd2 e6 5. e3 Bd6 6. Ne5 Bxe5 7. Bxe5 Nbd7 8. Bg3 0-0 9. Be2 Re8 10. 0-0 e5 11. Bf3 e4 12. Be2 c5 13. dxc5 Nxc5 14. Nb3 Nxb3 15. axb3 Qb6 16. c3 a6 17. b4 Bd7 18. Bh4 Rad8 19. Qd4 Qxd4 20. exd4 Re6 21. Ra5 Bc8 22. Bg4 Red6 23. Bxf6 gxf6 24. Bxc8 Rxc8 25. Re1 b5 26. Kf1 f5 27. g3 Rcc6 28. Ke2 Rh6 29. h4 f4 30. Rg1 fxg3 31. fxg3 Kg7 32. Raa1 Rhf6 33. Rgf1 Rxf1 34. Kxf1 Kg6 35. Kg2 Rf6 36. g4 Re6 37. Rf1 Rf6 38. Ra1 h5 39. g5 Re6 40. Kf2 Kf5 41. Ke3 Kg4 42. Rg1+ Kxh4 43. Kf4 Kh3 44. Rg3+ Kh2 45. Re3 Kg2 46. Re2+ Kf1 47. Ke3 Rg6 48. Rf2+ Kg1 49. Rf5 h4 50. Rf4 h3 51. Rg4+ Kh2 52. Kf4 f6 53. gxf6 Rxf6+ 54. Ke3 Rf3+ 55. Ke2 Rg3 56. Rf4 Rg2+ 57. Kf1 Kg3 58. Rf6 Rxb2 59. Rg6+ Kf3 60. Rf6+ Ke3 61. Kg1 Kd3 0-1

[Event "Provincial-ch Xixona"]
[Site "Xixona"]
[Date "2012.10.20"]
[Round "2"]
[White "Arias Igual, Alejandro"]
[Black "Aledo Lopez, Angel"]
[Result "1-0"]
[WhiteElo "2168"]
[BlackElo "2005"]
[PlyCount "85"]
[EventDate "2012.10.06"]
[EventType "swiss"]
[EventRounds "7"]
[EventCountry "ESP"]
[SourceTitle "EXT 2024"]
[Source "ChessBase"]
[SourceDate "2023.10.10"]
[SourceVersion "1"]
[SourceVersionDate "2023.10.10"]
[SourceQuality "1"]

1. d4 Nf6 2. c4 e5 3. dxe5 Ng4 4. Nf3 Bc5 5. e3 Nc6 6. Be2 Ngxe5 7. 0-0 0-0 8. Nc3 Nxf3+ 9. Bxf3 Ne5 10. Be4 Qh4 11. g3 Qh3 12. Bg2 Qg4 13. Qxg4 Nxg4 14. Nd5 c6 15. b4 cxd5 16. bxc5 dxc4 17. Bb2 Re8 18. h3 Ne5 19. Bd5 Rb8 20. f4 Nc6 21. Kf2 b5 22. cxb6 Rxb6 23. Bc3 Ba6 24. Rfd1 Nb4 25. Bf3 Nd3+ 26. Ke2 Bb7 27. Bg4 d5 28. Bd4 Rb4 29. Bxa7 Rb2+ 30. Rd2 c3 31. Rxb2 cxb2 32. Rb1 Ba6 33. Kd2 Bc4 34. Be2 Nf2 35. Rxb2 Ne4+ 36. Ke1 f5 37. Bxc4 dxc4 38. Bd4 Ra8 39. g4 g6 40. Kd1 Kf7 41. gxf5 gxf5 42. Rb7+ Ke6 43. Ba7 1-0

[Event "Albacete op U2300 1st"]
[Site "Albacete"]
[Date "2012.04.28"]
[Round "2"]
[White "Aledo Lopez, Angel"]
[Black "Pena Riasco, Alexander"]
[Result "0-1"]
[WhiteElo "2041"]
[BlackElo "2219"]
[PlyCount "130"]
[EventDate "2012.04.27"]
[EventType "swiss"]
[EventRounds "9"]
[EventCountry "ESP"]
[SourceTitle "EXT 2014"]
[Source "ChessBase"]
[SourceDate "2013.11.20"]
[SourceVersion "1"]
[SourceVersionDate "2013.11.20"]
[SourceQuality "1"]

1. Nf3 d5 2. g3 Nf6 3. Bg2 Bf5 4. d3 h6 5. 0-0 e6 6. c4 c6 7. Nbd2 Be7 8. b3 0-0 9. Bb2 Nbd7 10. Re1 Bh7 11. h3 Qa5 12. a3 Rfc8 13. e4 dxe4 14. dxe4 Rd8 15. Qe2 Nf8 16. b4 Qa4 17. Rac1 a5 18. b5 cxb5 19. cxb5 Rac8 20. b6 N6d7 21. Rc4 Rxc4 22. Nxc4 Bc5 23. Rb1 Nxb6 24. Nxb6 Bxb6 25. Nh4 Qb3 26. Kh2 Bd4 27. Qd1 Qxd1 28. Rxd1 Bf6 29. Rxd8 Bxd8 30. e5 b5 31. Bc6 b4 32. axb4 axb4 33. Ba4 Ng6 34. Nf3 Ne7 35. Nd4 Bb6 36. f4 Be4 37. g4 Bb7 38. Kg3 Nd5 39. Bb3 Nc3 40. Bxc3 bxc3 41. Nb5 Ba5 42. Nd6 Ba6 43. Bc2 Bb6 44. Kf3 Kf8 45. Ke4 g5 46. fxg5 hxg5 47. Kf3 Bd4 48. Ke4 Bc5 49. Ba4 Bf1 50. Bd1 f6 51. Bb3 Bxd6 52. exd6 Bxh3 53. Kd4 Bxg4 54. Kxc3 e5 55. Kd3 Bf3 56. Be6 Ke8 57. Ke3 Bc6 58. Bf5 Kd8 59. Be6 Bd7 60. Bd5 f5 61. Kf3 Kc8 62. Ke3 Kb8 63. Kd3 Ka7 64. Kc4 Kb6 65. Bf7 Kc6 0-1

[Event "Valenciana Comunity op"]
[Site "L'Alfas del Pi"]
[Date "2011.06.12"]
[Round "3"]
[White "Sanchez Barbado, Carlos"]
[Black "Aledo Lopez, Angel"]
[Result "1-0"]
[WhiteElo "2196"]
[BlackElo "2074"]
[PlyCount "61"]
[EventDate "2011.06.11"]
[EventType "swiss"]
[EventRounds "7"]
[EventCountry "ESP"]
[SourceTitle "EXT 2013"]
[Source "ChessBase"]
[SourceDate "2012.11.22"]
[SourceVersion "1"]
[SourceVersionDate "2012.11.22"]
[SourceQuality "1"]

1. e4 d5 2. exd5 Qxd5 3. Nc3 Qd6 4. d4 Nf6 5. Nge2 a6 6. Bf4 Qd8 7. Qd2 e6 8. 0-0-0 c6 9. Bg5 Be7 10. Ng3 Nbd7 11. Bd3 h6 12. Bf4 Nd5 13. Nxd5 cxd5 14. Nh5 g6 15. Ng3 Bg5 16. Be3 b5 17. Rhe1 Nb6 18. f4 Be7 19. Kb1 Nc4 20. Bxc4 bxc4 21. f5 Rb8 22. fxg6 fxg6 23. Ka1 Qb6 24. c3 Bd7 25. Bf4 Rb7 26. Be5 Bg5 27. Qc2 Rg8 28. Rf1 Ba4 29. Qxa4+ Ke7 30. Rf2 Be3 31. Re2 1-0

[Event "La Roda op 37th"]
[Site "La Roda"]
[Date "2010.03.31"]
[Round "1"]
[White "Paunovic, Dragan"]
[Black "Aledo Lopez, Angel"]
[Result "1-0"]
[WhiteElo "2551"]
[BlackElo "2049"]
[PlyCount "105"]
[EventDate "2010.03.31"]
[EventType "swiss"]
[EventRounds "9"]
[EventCountry "ESP"]
[SourceTitle "CBM 135 Extra"]
[Source "ChessBase"]
[SourceDate "2010.05.04"]
[SourceVersion "1"]
[SourceVersionDate "2010.05.04"]
[SourceQuality "1"]

1. c4 Nf6 2. g3 e6 3. Bg2 d5 4. Nf3 Bd6 5. 0-0 c6 6. d4 0-0 7. Nc3 Nbd7 8. Nd2 Bc7 9. e4 dxe4 10. Ndxe4 e5 11. d5 cxd5 12. Nxf6+ Nxf6 13. Nxd5 Nxd5 14. Bxd5 Qe7 15. Qf3 Bb6 16. Re1 Qf6 17. Qxf6 gxf6 18. Be3 Bxe3 19. Rxe3 Be6 20. Rd1 Bxd5 21. Rxd5 Rfd8 22. Red3 Rxd5 23. Rxd5 Rc8 24. b3 Rc7 25. Kg2 Kf8 26. Rd8+ Kg7 27. g4 f5 28. gxf5 Kf6 29. Rh8 Kg7 30. Ra8 a6 31. Kf3 Rd7 32. c5 Kf6 33. Rh8 Kxf5 34. Rxh7 Ke6 35. Rh6+ Kf5 36. Rb6 Rc7 37. b4 f6 38. Ke3 a5 39. a3 axb4 40. axb4 Rf7 41. b5 Rc7 42. c6 bxc6 43. Rxc6 Rh7 44. b6 Rh4 45. Kd3 Rb4 46. Kc3 Rb1 47. Kc4 Kg5 48. Kc5 f5 49. Kd6 e4 50. Kc7 f4 51. b7 e3 52. fxe3 fxe3 53. b8Q 1-0

[Event "Alicante op 2nd"]
[Site "Alicante"]
[Date "2010.01.04"]
[Round "8"]
[White "Bendayan Claros, Aaron Arturo"]
[Black "Aledo Lopez, Angel"]
[Result "1/2-1/2"]
[WhiteElo "2176"]
[BlackElo "1988"]
[PlyCount "144"]
[EventDate "2009.12.27"]
[EventType "swiss"]
[EventRounds "9"]
[EventCountry "ESP"]
[SourceTitle "CBM 134 Extra"]
[Source "ChessBase"]
[SourceDate "2010.03.03"]
[SourceVersion "1"]
[SourceVersionDate "2010.03.03"]
[SourceQuality "1"]

1. d4 Nf6 2. c4 e6 3. Nf3 b6 4. a3 Bb7 5. Nc3 d5 6. cxd5 Nxd5 7. Qc2 Nxc3 8. bxc3 Bxf3 9. gxf3 Qf6 10. Bg2 c6 11. f4 Qg6 12. Be4 f5 13. Bf3 Be7 14. e3 0-0 15. Bb2 Rc8 16. Ke2 Nd7 17. Rac1 Rc7 18. Rhg1 Qf7 19. c4 Nf6 20. Qb3 Rd8 21. Rgd1 c5 22. d5 Ne4 23. Qd3 exd5 24. cxd5 Rcd7 25. Bxe4 fxe4 26. Qxe4 Rxd5 27. Rxd5 Rxd5 28. Qf3 Bf8 29. Rd1 Rxd1 30. Kxd1 Qb3+ 31. Kc1 Qc4+ 32. Kd2 b5 33. Qe2 Qb3 34. Kc1 b4 35. Qc2 Qa2 36. axb4 cxb4 37. Bd4 Qf7 38. Kb2 Qb7 39. Qc4+ Kh8 40. f5 a5 41. f6 Qd7 42. Qa6 Qf7 43. fxg7+ Bxg7 44. Qa8+ Qg8 45. Qxa5 Bxd4+ 46. exd4 Qc4 47. Qe5+ Kg8 48. Qe3 Kg7 49. Qd2 b3 50. d5 Qa4 51. Qc3+ Kf7 52. Qxb3 Qd4+ 53. Ka3 Qxf2 54. d6+ Kf6 55. Qd5 Qa7+ 56. Kb4 Qb6+ 57. Kc4 Qa6+ 58. Kd4 Qa1+ 59. Ke4 Qh1+ 60. Kd4 Qa1+ 61. Kc4 Qa2+ 62. Kc5 Qa5+ 63. Kc6 Qa8+ 64. Kc5 Qa5+ 65. Kc4 Qa4+ 66. Kc3 Qa1+ 67. Kd2 Qb2+ 68. Ke3 Qc1+ 69. Kf2 Qf4+ 70. Kg1 Qe3+ 71. Kg2 Qe2+ 72. Kg1 Qe3+ 1/2-1/2

[Event "Benidorm op U2000 08th"]
[Site "Benidorm"]
[Date "2009.11.28"]
[Round "1"]
[White "Benito Alba, Eladio"]
[Black "Aledo Lopez, Angel"]
[Result "1/2-1/2"]
[WhiteElo "1803"]
[BlackElo "1988"]
[PlyCount "59"]
[EventDate "2009.11.28"]
[EventType "swiss"]
[EventRounds "10"]
[EventCountry "ESP"]
[SourceTitle "CBM 133 Extra"]
[Source "ChessBase"]
[SourceDate "2010.01.05"]
[SourceVersion "1"]
[SourceVersionDate "2010.01.05"]
[SourceQuality "1"]

1. d4 Nf6 2. Nf3 c5 3. d5 d6 4. c4 g6 5. Nc3 Bg7 6. e4 0-0 7. Be2 Bg4 8. h3 Bxf3 9. Bxf3 Nfd7 10. 0-0 Na6 11. Bf4 Nc7 12. Re1 a6 13. a4 a5 14. Qd2 Na6 15. Nb5 Nb4 16. Rab1 Re8 17. Bg4 Ra6 18. Bxd7 Qxd7 19. e5 dxe5 20. Bxe5 f6 21. Bc3 e5 22. Bxb4 axb4 23. b3 f5 24. Rbd1 e4 25. Qe3 Rc8 26. f3 exf3 27. Qxf3 Bf6 28. Re2 Qg7 29. Red2 Qd7 30. Kh1 1/2-1/2